| 000 | 00942nam a22002177a 4500 | ||
|---|---|---|---|
| 005 | 20110624114743.0 | ||
| 010 | _aB-430937 | ||
| 020 |
_a9780195626162 _c495.00 |
||
| 035 | _aB-430937 | ||
| 037 | _bOxford University Press | ||
| 037 | _bAllied Pub/Ven | ||
| 082 | _a954 | ||
| 100 |
_aCohn, Bernard S. _929051 |
||
| 245 |
_aAn anthropologist among the historians and other essays / _cby Bernard S. Cohn with an introduction by Ranajit Guha |
||
| 260 |
_aNew Delhi _bOxford University Press _c2010 |
||
| 270 |
_aYMCA Library Building, Jai Singh Road _bNew Delhi _e110001 |
||
| 300 |
_axxvi, 682p. _c24cm(pbk) |
||
| 942 |
_2ddc _cEN _mCOH _h954 |
||
| 999 |
_c53142 _d53142 |
||